| 000 | 00695nam a22002057a 4500 | ||
|---|---|---|---|
| 003 | 0 | ||
| 005 | 20250829091234.0 | ||
| 008 | 250829b xxu||||| |||| 00| 0 eng d | ||
| 020 | _a978-1-350-31987-5 | ||
| 050 |
_aNK 1170 _b.D47 2024 |
||
| 245 |
_aDesigning knowledge : _bemerging perspectives in design studies practices / _cedited by Bonne Zabolotney. |
||
| 260 |
_aLondon : _bBloomsbury Visual Arts, _c2024. |
||
| 300 |
_axvi, 267 pages : _billustrations ; _c24 cm. |
||
| 504 | _aIncludes bibliographical references and index. | ||
| 650 |
_aDesign _xPhilosophy. |
||
| 650 |
_aDesign _xResearch. |
||
| 650 |
_aDesign _xStudy and teaching. |
||
| 650 |
_aDesign _xMethodology. |
||
| 942 |
_2lcc _cBK |
||
| 999 |
_c367672 _d367672 |
||